000
00295nam a22001337a 4500
008
171006b xxu||||| |||| 00| 0 eng d
020
_a
9780495158752
041
_a
eng
080
_2
7TH
_a
159.9
100
_a
49
101
_a
PSI
245
_a
CLINICAL PSYCHOLOGY
_c
TRULL,T.J
942
_2
udc
_c
BK
999
_c
32296
_d
32296